Derecho político (Record no. 151426)

MARC details
000 -LEADER
campo de control de longitud fija 00599nam a2200169 i 4500
001 - NÚMERO DE CONTROL
campo de control 151426
003 - IDENTIFICADOR DE NÚMERO DE CONTROL
campo de control ES-MaACL
005 - FECHA Y HORA DE LA ÚLTIMA TRANSACCIÓN
campo de control 20250930063128.0
008 - DATOS DE LONGITUD FIJA--INFORMACIÓN GENERAL
campo de control de longitud fija 180212s1934 sp |||| | spa d
100 1# - ENTRADA PRINCIPAL--NOMBRE DE PERSONA
Nombre de persona Ruiz del Castillo y Catalán de Ocón, Carlos,
Fechas asociadas al nombre 1896-1984
9 (RLIN) 100778
245 10 - MENCIÓN DEL TÍTULO
Título Derecho político
Resto del título : obra ajustada al programa de oposiciones a judicatura de 1933 /
Mención de responsabilidad, etc. por Carlos Ruiz del Castillo.
260 ## - PUBLICACIÓN, DISTRIBUCIÓN, ETC.
Lugar de publicación, distribución, etc. Madrid :
Nombre del editor, distribuidor, etc. Reus,
Fecha de publicación, distribución, etc. 1934.
300 ## - DESCRIPCIÓN FÍSICA
Extensión 415 p. ;
Dimensiones 23 cm.
650 #4 - PUNTO DE ACCESO ADICIONAL DE MATERIA--TÉRMINO DE MATERIA
Término de materia o nombre geográfico como elemento de entrada Derecho constitucional-
Subdivisión geográfica España
9 (RLIN) 11682
852 ## - LOCALIZACIÓN
Ubicación ES-MaACL
Número de control de estantería A-1097
Holdings
Estatus retirado Estado de pérdida Estado de daño No para préstamo Biblioteca de origen Biblioteca actual Ubicación en estantería Fecha de adquisición Total de préstamos Signatura topográfica completa Código de barras Visto por última vez Precio de reemplazo Tipo de ítem Koha
        Biblioteca del Ateneo de Madrid Biblioteca del Ateneo de Madrid Sala Pecera Planta 1 12/02/2018   A-1097 1198354 23/02/2023 23/02/2023 Libro impreso